000 00357nam a22001457a 4500
020 _a978-93-87516-72-4
082 _a338.5
_bJAI/I
100 _aJAIN, T R
100 _aOHRI, V K
245 _aINTRODUCTORY MICROECONOMICS
_bCLASS XI
260 _aDELHI
_bV K GLOBAL PUBLICATIONS
_c2018
300 _a423
650 _aECONOMICS REFERENCE
_zINDIA
942 _cBK
999 _c1690
_d1690